00426nam a2200121Ia 4500008004100000100002300041245018900064260001200253260001100265260000900276300000700285650001200292160117s9999 xx 000 0 und d aThenna Hewa,K.R.S. aSpectroscopic Study of the Inferactions of 2-Hydroxybenzoic acid and 2- Hydoxy-3,5-dinitrobenzoic acid with Bovine Sarum Albumin and the Determination of their Thermodynamic Parameters aColombo bIchemc c2009 a34 aHydroxy